Memorias de la Real Academia Española, (Record no. 172563)

MARC details
000 -LEADER
campo de control de longitud fija 01914nam a2200193 i 4500
001 - NÚMERO DE CONTROL
campo de control 172563
003 - IDENTIFICADOR DE NÚMERO DE CONTROL
campo de control ES-MaACL
005 - FECHA Y HORA DE LA ÚLTIMA TRANSACCIÓN
campo de control 20230929062539.0
008 - DATOS DE LONGITUD FIJA--INFORMACIÓN GENERAL
campo de control de longitud fija 090720s1870 sp |||| | spa d
080 ## - NÚMERO DE LA CLASIFICACIÓN DECIMAL UNIVERSAL
Número de la Clasificación Decimal Universal 821.134.2
080 ## - NÚMERO DE LA CLASIFICACIÓN DECIMAL UNIVERSAL
Número de la Clasificación Decimal Universal 811.134.2
110 2# - ENTRADA PRINCIPAL--NOMBRE DE ENTIDAD CORPORATIVA
Nombre de entidad corporativa o nombre de jurisdicción como elemento de entrada Real Academia Española
9 (RLIN) 6336
245 10 - MENCIÓN DEL TÍTULO
Título Memorias de la Real Academia Española,
Fechas extremas/inclusivas 1870 /
Mención de responsabilidad, etc. Real Academia Española.
260 ## - PUBLICACIÓN, DISTRIBUCIÓN, ETC.
Lugar de publicación, distribución, etc. Madrid :
Nombre del editor, distribuidor, etc. [s.n.],
Fecha de publicación, distribución, etc. 1870 (
Fabricante Imp. M. Ribedeneyra)
300 ## - DESCRIPCIÓN FÍSICA
Extensión 1 v. ;
Dimensiones 24 cm.
505 8# - NOTA DE CONTENIDO CON FORMATO
Nota de contenido con formato Contiene: T. II: Discurso leído el 28 de noviembre de 1845 / Ventura de la Vega (15 p.). Discurso leído el 28 de noviembre de 1869 / Francisco de Paula Canalejas (p. 16-88). Contestación / Juan Valera (p. 89-136). Una Suiza en el siglo XVI / Antonio Martín Gamero (p. 137-175). Reseña histórica de la fundación, progresos y vicisitudes de la Real Academia Española / Antonio Ferrer del Río (p. 176-196). Discurso leído el 25 de marzo de 1870 / Adelardo López de Ayala (p. 197-240). Contestación / Marqués de Molins (p. 241-279). Influjo de la crítica moderna en la decadencia del teatro antiguo español / Agustín Durán (p. 280-336). Oración fúnebre en las honras de Miguel de Cervantes Saavedra y demás ingenios españoles / Antonio Monescillo (p. 337-372). Elogio al Rey D. Alfonso el Sabio / Joseph de Vargas y Ponce (p. 373-434). Elogi fúneber de D. Ventura de la Vega / Conde de Chaste (p. 435-467). El libro primero de la Eneida traducido en verso al castellano / Ventura de la Vega (468-497). Discurso necrológico literario en elogio del Duque de Rivas / Leopoldo Augusto de Cueto (p. 498-601). Elogio de D. Alonso Tostado, Obispo de Ávila el 15 de octubre de 1782 (p. 602-628). Discurso leído el 10 de septiembre de 1810 / Juan Meléndez Valdés (p. 629-631). Discurso leído el 1 de marzo de 1814 / Manuel José Quintana (p. 633-638).
852 ## - LOCALIZACIÓN
Ubicación ES-MaACL
Número de control de estantería K-160
Holdings
Estatus retirado Estado de pérdida Estado de daño No para préstamo Colección Biblioteca de origen Biblioteca actual Ubicación en estantería Fecha de adquisición Total de préstamos Signatura topográfica completa Código de barras Visto por última vez Precio de reemplazo Tipo de ítem Koha
        Libros del s. XIX Biblioteca del Ateneo de Madrid Biblioteca del Ateneo de Madrid Administración 20/07/2009   K-160 1181090 23/02/2023 23/02/2023 Libro impreso antiguo